| 000 | 00742nam a2200217Ia 4500 | ||
|---|---|---|---|
| 003 | IN-BaIIA | ||
| 008 | 211028s9999 xx 000 0 eng d | ||
| 040 | _cIIA Library | ||
| 080 |
_a083.8:52 _bDEV |
||
| 100 |
_ade Vaucouleurs, Gerard _91262 |
||
| 245 | 0 |
_aReference catalogue of bright galaxies _cGerard de Vaucouleurs and Antoinette de Vaucouleurs |
|
| 250 | _a1st ed. | ||
| 260 |
_aAustin _bUniversity of Texas Press _c1964 |
||
| 300 | _a268p. | ||
| 490 | _aThe University of Texas monographs in astronomy; no. 1 | ||
| 650 |
_a Bright galaxies catalogue _98083 |
||
| 650 |
_a Catalogue-Bright galaxies _98084 |
||
| 650 |
_aAstronomy and Astrophysics Thesaurus _91143 |
||
| 700 |
_ade Vaucouleurs, Antoinette _98085 |
||
| 942 | _cBK | ||
| 999 |
_c4587 _d4587 |
||